000 01157cam a2200133 4500500
005 20260329023233.0
041 _afre
042 _adc
100 1 0 _aBecker, Jean-Jacques
_eauthor
245 0 0 _aL'année 14
260 _bArmand Colin,
_c2013.
520 _aDans l’histoire des hommes, quelques dates marquent des ruptures indélébiles. 1914 est de celles-là. On donna par la suite – à tort – le nom de Première Guerre mondiale à ce conflit, dont on connaît le terrible bilan : 10 millions de morts, un désastre économique et culturel, et l’avènement des régimes totalitaires. Cette guerre était-elle évitable ? La Grande Guerre aurait-elle pu ne pas avoir lieu et le XXe siècle en être totalement transformé ? Quels furent les objectifs et les arrière-pensées des acteurs, au jour le jour, dans les capitales européennes ? Quel était, au-delà de l’image d’Épinal, l’état d’esprit des populations ? Autant de questions auxquelles répond ce livre, dans un récit au quotidien des premiers mois du drame.
856 4 1 _uhttps://shs.cairn.info/l-annee-14--9782200286194?lang=fr&redirect-ssocas=7080
999 _c1925703
_d1925703